Normal view
MARC view
Entry Personal Name
001 - CONTROL NUMBER
- control field: 267619
003 - CONTROL NUMBER IDENTIFIER
- control field: OSt
005 - DATE AND TIME OF LATEST TRANSACTION
- control field: 20220925204030.0
008 - FIXED-LENGTH DATA ELEMENTS
- fixed length control field: 220925|| aca||aabn | a|a d
040 ## - CATALOGING SOURCE
- Original cataloging agency: OSt
- Transcribing agency: OSt
100 ## - HEADING--PERSONAL NAME
- Personal name: Govt of Assam. Economics and Statistdics (D/O--)
670 ## - SOURCE DATA FOUND
- Source citation: Work cat.: (OSt)548396: Govt of Assam. Economics and Statistdics (D/O--) 267618, Report on crop estimation surveys on principlal food and Non-Food crops in Assam.
